Idéologie at renaissance nationale: l`Egypte moderne
Gorde:
| Egile nagusia: | |
|---|---|
| Formatua: | Liburua |
| Hizkuntza: | frantsesa |
| Argitaratua: |
París
Anthropos
1969
|
| Gaiak: | |
| Etiketak: |
Etiketa erantsi
Etiketarik gabe, Izan zaitez lehena erregistro honi etiketa jartzen!
|
MARC
| LEADER | 00000nam a2200000 a 4500 | ||
|---|---|---|---|
| 001 | UCO2329 | ||
| 003 | CL-VaPUC | ||
| 008 | 000602e19690000FR |||||||||||||||||fre|d | ||
| 082 | 0 | 4 | |a 962 |b ABD |2 21 |
| 100 | 0 | |a Abdel-Malek, Anouar |e author |9 445405 | |
| 245 | 1 | 0 | |a Idéologie at renaissance nationale: l`Egypte moderne |
| 300 | |a 575 p | ||
| 942 | |c BK | ||
| 945 | |d 20000602 00:00:00 |a rherrera | ||
| 260 | |a París |b Anthropos |c 1969 | ||
| 650 | 7 | |a HISTORIA DE EGIPTO SIGLO 19 |2 CL-VaPUC |9 445406 | |
| 650 | 0 | |a Historia moderna |9 268036 | |
| 651 | 0 | |a Egipto |9 268199 | |
| 583 | |a last modification |c 20160829 01:29:53 |k Rodrigo Vera | ||
| 999 | |c 288864 |d 288862 | ||
| 952 | |0 0 |1 0 |4 0 |6 962_000000000000000_ABD_1969 |7 0 |8 A |9 336823 |a BIBHIS |b BIBHIS |d 2019-11-20 |i 128522K |o 962 ABD 1969 |p 128522K |r 2025-01-20 |w 2019-11-20 |y BK |k HIS | ||